| 000 | 00741nam a22002177a 4500 | ||
|---|---|---|---|
| 999 |
_c14209 _d14209 |
||
| 003 | MIRAKIL | ||
| 005 | 20211214000619.0 | ||
| 008 | 201117b tu ||||| |||| 00| 0 tur d | ||
| 040 |
_aTR-AnCHP _btur _cTR-AnCHP |
||
| 041 | _atur | ||
| 082 |
_aATA 956.10240 _bI65a 1981 |
||
| 100 | _aIrmak, Sadi | ||
| 245 |
_aAtatürk devrimleri tarihi/ _cSadi Irmak. |
||
| 260 |
_a[Ankara] : _bYapı ve Kredi Bankası, _c1981. |
||
| 300 |
_a260 s.: _c24 sm. |
||
| 600 | 1 | 4 |
_aAtatürk, Gazi Mustafa Kemal _d1881-1938 _xDevrimler _91465 |
| 600 | 1 | 4 |
_aAtatürk, Gazi Mustafa Kemal _d1881-1938 _xSiyasal ve sosyal görüşler _91465 |
| 650 | 0 |
_aSiyaset ve yönetim _xTürkiye _zTürkiye _99 |
|
| 650 | 0 |
_9796 _aSiyasal Tarih _xDevrimler _zTürkiye |
|
| 942 |
_2ddc _cBKS |
||